[Event "Championnat de Paris"]
[Site "Paris"]
[Date "????.??.??"]
[Round "6.24"]
[White "Dourerassou, Jonathan"]
[Black "Do, Huu-Thi"]
[Result "1-0"]
[WhiteElo "2336"]
[BlackElo "2170"]
[PlyCount "119"]

1. e4 c6 2. d4 d5 3. Nc3 dxe4 4. Nxe4 Nf6 5. Nxf6+ gxf6 6. c3 Bf5 7. Nf3 e6 8.
g3 Nd7 9. Bg2 Bd6 10. O-O Qc7 11. Nh4 Bg6 12. f4 f5 13. Qe2 Be7 14. Nf3 Bh5 15.
Bd2 O-O 16. Qf2 Nf6 17. Ne5 Rad8 18. b4 a5 19. a3 Ra8 20. Rfb1 Ne4 21. Qe3 Nxd2
22. Qxd2 f6 23. Nd3 b6 24. b5 cxb5 25. Bxa8 Rxa8 26. Rxb5 Be8 27. Rbb1 Bc6 28.
Re1 Bd5 29. Nb2 Rd8 30. h3 h5 31. h4 Kg7 32. Kh2 Be4 33. Nd1 Rc8 34. Nf2 Bd5
35. Rec1 Qc4 36. Nd1 Be4 37. Ne3 Qc7 38. Qe2 Kg6 39. Nf1 b5 40. Nd2 Bd5 41.
Qxb5 Rb8 42. Qd3 Ba8 43. Rc2 a4 44. Qa6 Bd6 45. Rf1 Bc6 46. Qc4 Qd7 47. Re1 Bd5
48. Qd3 Rb3 49. Nxb3 axb3 50. c4 Qa4 51. Rc3 Ba8 52. Rxb3 Qc6 53. Rb2 Bf8 54.
c5 Qd5 55. Qe3 Kf7 56. Qxe6+ Qxe6 57. Rxe6 Kxe6 58. Rb8 Bxc5 59. dxc5 Be4 60.
Rd8 1-0

[Event "Championnat de Paris"]
[Site "Paris"]
[Date "????.??.??"]
[Round "6.26"]
[White "Bergez, Luc"]
[Black "Karim, Ismael"]
[Result "1/2-1/2"]
[WhiteElo "2398"]
[BlackElo "2288"]
[PlyCount "105"]

1. e4 e5 2. Bc4 Nf6 3. d4 exd4 4. Nf3 Bc5 5. e5 d5 6. Bb5+ Bd7 7. Bxd7+ Nfxd7
8. O-O O-O 9. b4 Bxb4 10. Qxd4 Nc6 11. Qg4 Re8 12. Bb2 Bf8 13. Qg3 d4 14. Nxd4
Ndxe5 15. Nxc6 Nxc6 16. Na3 Qd6 17. Qf3 Ne5 18. Qxb7 Rab8 19. Bxe5 Qxe5 20. Qa6
Qc5 21. Nb1 Qxc2 22. Na3 Qc5 23. Nb1 Bd6 24. Nd2 Qa3 25. Qxa3 Bxa3 26. Nc4 Bc5
27. Rfe1 Rxe1+ 28. Rxe1 f6 29. Kf1 Kf7 30. Rc1 Ke6 31. Ke2 Bd4 32. Rc2 Kd5 33.
Ne3+ Bxe3 34. Kxe3 c5 35. Kd3 Rb4 36. Re2 Ra4 37. Kc3 Rc4+ 38. Kd3 Rc1 39. Re7
c4+ 40. Kd2 Rf1 41. Ke2 Rb1 42. Rxa7 Kd4 43. Rd7+ Kc3 44. Rxg7 Rb2+ 45. Ke3 h5
46. h4 Rb4 47. g4 Kb2 48. Rc7 c3 49. Kd3 Rb8 50. gxh5 Rd8+ 51. Ke4 Rh8 52. Kd3
Rd8+ 53. Ke4 1/2-1/2

[Event "Championnat de Paris"]
[Site "Paris"]
[Date "????.??.??"]
[Round "6.27"]
[White "Toulzac, Pierre-Yves"]
[Black "Boukobza, Adrien"]
[Result "1/2-1/2"]
[WhiteElo "2331"]
[BlackElo "2192"]
[PlyCount "51"]

1. d4 e6 2. Nf3 f5 3. d5 d6 4. dxe6 Bxe6 5. Ng5 Qd7 6. Qd3 Nc6 7. Nxe6 Qxe6 8.
Qe3 Qxe3 9. Bxe3 g6 10. Nc3 Nf6 11. h3 Bg7 12. g3 a6 13. Bg2 O-O-O 14. O-O-O
Rde8 15. Nd5 Ne5 16. Bd4 Nxd5 17. Bxd5 Re7 18. f4 Nd7 19. Bxg7 Rxg7 20. e4 fxe4
21. Bxe4 Re7 22. Bf3 Rhe8 23. h4 Nf6 24. h5 Re3 25. Rdf1 Nxh5 26. Rh3 1/2-1/2

[Event "Championnat de Paris"]
[Site "Paris"]
[Date "????.??.??"]
[Round "6.28"]
[White "Reinhart, Emmanuel"]
[Black "Eche, Sylvain"]
[Result "0-1"]
[WhiteElo "2266"]
[BlackElo "2203"]
[PlyCount "94"]

1. e4 c5 2. Nf3 g6 3. c3 Bg7 4. d4 cxd4 5. cxd4 d5 6. e5 Bg4 7. Qb3 Qb6 8. Nc3
Bxf3 9. gxf3 Qxb3 10. axb3 Nc6 11. Be3 O-O-O 12. Bb5 Nxe5 13. Rxa7 Nxf3+ 14.
Ke2 Nxd4+ 15. Kd3 e5 16. Rc1 Kb8 17. Ra3 Ne7 18. Rca1 Nef5 19. Kd2 h5 20. Bd3
Nxe3 21. fxe3 Nc6 22. Nb5 Kc8 23. Rf1 Rhf8 24. Ra8+ Kd7 25. Rxd8+ Nxd8 26. Rc1
Nc6 27. Rc5 d4 28. Rd5+ Ke7 29. exd4 exd4 30. Bc4 Rd8 31. Rxd8 Nxd8 32. Nc7 Nc6
33. Nd5+ Kd6 34. b4 Ne5 35. Bb3 Nf3+ 36. Ke2 Nxh2 37. Nf4 Bh6 38. Nd3 Ke7 39.
Ne5 Bg7 40. Nd3 Ng4 41. Nc5 b6 42. Na4 b5 43. Nb6 Ne5 44. Nc8+ Kd7 45. Na7 d3+
46. Kf1 Nc4 47. Nxb5 Nd2+ 0-1

[Event "Championnat de Paris"]
[Site "Paris"]
[Date "????.??.??"]
[Round "6.29"]
[White "Morabbi, Armin"]
[Black "Camus De Solliers, Guillaume"]
[Result "0-1"]
[WhiteElo "2137"]
[BlackElo "2307"]
[PlyCount "84"]

1. e4 e6 2. d4 d5 3. Nc3 Bb4 4. e5 c5 5. a3 Bxc3+ 6. bxc3 Ne7 7. Qg4 O-O 8. Nf3
Qa5 9. Bd2 Nbc6 10. Bd3 f5 11. Qh5 Bd7 12. Ng5 h6 13. Nh3 Be8 14. Qf3 Qa4 15.
Qg3 Ng6 16. Nf4 Nxf4 17. Bxf4 Kh7 18. Rb1 cxd4 19. Rxb7 Rf7 20. Rxf7 Bxf7 21.
O-O dxc3 22. Rb1 Rb8 23. Rxb8 Nxb8 24. h4 Nc6 25. Be3 Qxa3 26. Qh3 Nb4 27.
Bxf5+ exf5 28. h5 Qa6 29. Qxf5+ Kg8 30. Bc5 Na2 31. Bd6 Qb7 32. e6 Bxe6 33.
Qxe6+ Qf7 34. Qc8+ Kh7 35. g4 Nc1 36. Kf1 Qf3 37. Qf5+ Qxf5 38. gxf5 d4 39. Ba3
d3 40. cxd3 Nb3 41. d4 Nxd4 42. Ke1 Nc2+ 0-1

[Event "Championnat de Paris"]
[Site "Paris"]
[Date "????.??.??"]
[Round "6.30"]
[White "Azadharf, Farrokh"]
[Black "Vallepin, Cedric"]
[Result "1-0"]
[WhiteElo "2251"]
[BlackElo "2150"]
[PlyCount "41"]

1. e4 Nf6 2. e5 Nd5 3. Nc3 Nxc3 4. dxc3 Nc6 5. Bf4 d6 6. Nf3 Bg4 7. Bb5 a6 8.
Bxc6+ bxc6 9. h3 Bd7 10. Qe2 Qb8 11. O-O d5 12. b3 e6 13. Nh2 Qb7 14. Qh5 Ba3
15. Rab1 Bc5 16. Qg4 Bf8 17. Bg5 Rg8 18. Rfd1 h6 19. Bxh6 O-O-O 20. Bg5 f6 21.
Bxf6 1-0

[Event "Championnat de Paris"]
[Site "Paris"]
[Date "????.??.??"]
[Round "6.31"]
[White "Colson, Arnaud"]
[Black "Liard, Thibaud"]
[Result "1-0"]
[WhiteElo "2211"]
[BlackElo "2135"]
[PlyCount "155"]

1. c4 Nf6 2. Nc3 g6 3. d4 Bg7 4. e4 d6 5. Be2 O-O 6. Nf3 e5 7. dxe5 dxe5 8.
Qxd8 Rxd8 9. Bg5 Rf8 10. O-O-O Na6 11. Nxe5 Nxe4 12. Nxe4 Bxe5 13. f4 Bg7 14.
Rhe1 Bf5 15. Bd3 Nb4 16. Bb1 Be6 17. Be7 Nc6 18. Bxf8 Rxf8 19. b3 Nd4 20. h3 b6
21. Ng5 c5 22. Be4 Rd8 23. g4 a5 24. Nf3 a4 25. Nxd4 Bxd4 26. f5 gxf5 27. gxf5
Bd7 28. Re2 Kg7 29. Rd3 Kf6 30. bxa4 Bxa4 31. Ra3 b5 32. Bd3 Rg8 33. Bc2 Rg1+
34. Kd2 Bxc2 35. Kxc2 b4 36. Rf3 Rg5 37. Kd3 Rg8 38. Rc2 Rg1 39. Ke4 Re1+ 40.
Kd3 Rg1 41. Re2 Rg8 42. Rh2 Rg1 43. Rd2 Rc1 44. Rc2 Rg1 45. Ke4 Rg8 46. Kd5
Rd8+ 47. Kc6 Rc8+ 48. Kd7 Rg8 49. a3 bxa3 50. Rxa3 Rg1 51. Rf3 Re1 52. Ra2 Re7+
53. Kd6 Rb7 54. Ra6 Rb4 55. h4 Kg7 56. Kd5 Rb7 57. Rg3+ Kf8 58. f6 Rd7+ 59. Ke4
Rd8 60. Rb3 h6 61. Rb7 Kg8 62. Kf5 Re8 63. Re7 Rf8 64. Raa7 Bf2 65. h5 Bd4 66.
Rab7 Bf2 67. Rb2 Bd4 68. Rg2+ Kh8 69. Rg7 Rg8 70. Rgxf7 Rg5+ 71. Kf4 Kg8 72.
Rg7+ Rxg7 73. Rxg7+ Kf8 74. Rg6 Bc3 75. Kf5 Bd2 76. Rg2 Bc3 77. Kg6 Bd4 78. Ra2
1-0

[Event "Championnat de Paris"]
[Site "Paris"]
[Date "????.??.??"]
[Round "6.32"]
[White "Saatdjian, Thomas"]
[Black "Sochacki, Christophe"]
[Result "1-0"]
[WhiteElo "2202"]
[BlackElo "2030"]
[PlyCount "105"]

1. Nf3 d5 2. d4 Nf6 3. c4 c6 4. Qc2 e6 5. g3 Bd6 6. Bg2 Nbd7 7. O-O Ne4 8. Nfd2
Nef6 9. Nc3 Bb4 10. e4 Bxc3 11. Qxc3 dxe4 12. Nxe4 O-O 13. Nxf6+ Qxf6 14. Bf4
Re8 15. Be5 Nxe5 16. dxe5 Qe7 17. c5 Bd7 18. Rfd1 Red8 19. Rd6 Be8 20. Rad1 Rd7
21. b4 Rad8 22. a4 a6 23. h4 g6 24. Qe3 Kg7 25. Kh2 Kf8 26. R1d4 Rb8 27. h5 Kg7
28. Rh4 Rbd8 29. Bh3 Kh8 30. hxg6 fxg6 31. Rxe6 Qg7 32. Rd6 Rxd6 33. exd6 Bf7
34. Re4 Qf6 35. Rf4 Qg7 36. Qe7 Rf8 37. d7 Qg8 38. Qf6+ Qg7 39. d8=Q Rxd8 40.
Qxd8+ Bg8 41. Qf6 a5 42. Qxg7+ Kxg7 43. bxa5 Kh6 44. Rb4 g5 45. Rxb7 Kh5 46.
Rg7 g4 47. Bf1 h6 48. Re7 Be6 49. Rxe6 Kg5 50. a6 Kh5 51. a7 Kg5 52. a8=Q Kf5
53. Qe8 1-0

[Event "Championnat de Paris"]
[Site "Paris"]
[Date "????.??.??"]
[Round "7.17"]
[White "Emmenecker, Philippe"]
[Black "Brochet, Philippe"]
[Result "0-1"]
[WhiteElo "2175"]
[BlackElo "2398"]
[PlyCount "48"]

1. d4 d5 2. Nf3 Nf6 3. c4 dxc4 4. Nc3 Nd5 5. e4 Nb6 6. Ne5 Nc6 7. Qh5 Nxe5 8.
Qxe5 c6 9. Be3 Qd6 10. Qa5 Qc7 11. b4 e6 12. a3 Qd8 13. Rd1 Bd6 14. d5 Be5 15.
b5 cxd5 16. exd5 Qf6 17. Ne4 Qh4 18. Ng5 Nxd5 19. Rxd5 exd5 20. g3 Qh5 21. b6
axb6 22. Qb4 Qg6 23. Bg2 Qd3 24. Bd2 Rxa3 0-1

[Event "Championnat de Paris"]
[Site "Paris"]
[Date "????.??.??"]
[Round "7.18"]
[White "Calistri, Tristan"]
[Black "Houhou, Olivier"]
[Result "0-1"]
[WhiteElo "2370"]
[BlackElo "2255"]
[PlyCount "106"]

1. e4 c5 2. Nf3 e6 3. d4 cxd4 4. Nxd4 a6 5. c4 Nf6 6. Nc3 Qc7 7. a3 d6 8. Be2
b6 9. O-O Bb7 10. f3 Be7 11. Be3 O-O 12. Qd2 Nbd7 13. Rac1 Rac8 14. b4 Qb8 15.
Kh1 Bd8 16. Rc2 Re8 17. Rb1 Bc7 18. Bg1 h5 19. Na4 Qa8 20. Qc1 h4 21. c5 dxc5
22. bxc5 bxc5 23. Nxc5 Nxc5 24. Rxc5 Bd6 25. Rxc8 Rxc8 26. Qb2 Rb8 27. Qa2 h3
28. Bf1 hxg2+ 29. Bxg2 Bc8 30. e5 Rxb1 31. Qxb1 Bxe5 32. f4 Qb8 33. Qxb8 Bxb8
34. Nc6 Bd6 35. a4 Nh5 36. Be3 Bd7 37. f5 exf5 38. a5 Nf6 39. Bb6 Ne4 40. Nd4
Bc8 41. Kg1 Kf8 42. h4 Ke7 43. Bh3 g6 44. h5 Ng5 45. Bg2 gxh5 46. Nc6+ Kd7 47.
Na7 Ne4 48. Bh3 Bb7 49. Bxf5+ Ke8 50. Nc8 Bb4 51. Kh2 Nd6 52. Nxd6+ Bxd6+ 53.
Kh3 Be7 0-1

[Event "Championnat de Paris"]
[Site "Paris"]
[Date "????.??.??"]
[Round "7.19"]
[White "Peyrat, Olivier"]
[Black "Spiridonov, Nikola"]
[Result "1-0"]
[WhiteElo "2251"]
[BlackElo "2378"]
[PlyCount "113"]

1. g3 d5 2. Nf3 c6 3. Bg2 Nf6 4. O-O Bg4 5. b3 Nbd7 6. Bb2 e6 7. d3 Bd6 8. Nbd2
O-O 9. h3 Bh5 10. Qe1 Qe7 11. a3 Rfe8 12. e4 e5 13. Nh4 Bg6 14. Nxg6 hxg6 15.
Qe2 a5 16. Rfe1 dxe4 17. dxe4 Nb6 18. h4 Rad8 19. Nf3 Nfd7 20. Bh3 Nf8 21. Red1
f6 22. Nd2 Bc7 23. a4 Ne6 24. c3 Nc5 25. Ba3 Kh8 26. Kg2 Bd6 27. h5 g5 28. Qe3
Ncd7 29. Bb2 Bc5 30. Qe2 Nf8 31. Bf5 Rd6 32. Nc4 Nxc4 33. Qxc4 Rdd8 34. Bg6 b5
35. axb5 cxb5 36. Qxb5 Rb8 37. Qa4 Rec8 38. Bf5 Rd8 39. Qc4 Qa7 40. Rxd8 Rxd8
41. Qe2 Qb6 42. Ba3 Bxa3 43. Rxa3 Qc5 44. Qb2 g4 45. Ra1 Rd3 46. Rc1 Qd6 47.
Bxg4 Nh7 48. Be2 Rd2 49. Rc2 Rxc2 50. Qxc2 Ng5 51. Bg4 Kg8 52. Bf5 Kf8 53. Qe2
Ke7 54. Qe3 Qc7 55. Qd3 Nf7 56. Bg6 Nd6 57. Qd5 1-0

[Event "Championnat de Paris"]
[Site "Paris"]
[Date "????.??.??"]
[Round "7.20"]
[White "Picard, Romain"]
[Black "Forthofer, Robert"]
[Result "1/2-1/2"]
[WhiteElo "2357"]
[BlackElo "2255"]
[PlyCount "47"]

1. e4 c5 2. Nf3 Nc6 3. Bb5 Qb6 4. Bxc6 Qxc6 5. O-O Nf6 6. e5 Nd5 7. d4 e6 8. c4
Nb6 9. b3 d5 10. exd6 Bxd6 11. Ba3 O-O 12. Qe2 Nd7 13. Nc3 b6 14. d5 exd5 15.
Nxd5 Ba6 16. Qe4 Rfc8 17. Bb2 Bb7 18. Kh1 Re8 19. Qg4 Bf8 20. Rae1 Qd6 21. Rd1
Bxd5 22. Rxd5 Nf6 23. Bxf6 Qxf6 24. Rfd1 1/2-1/2

[Event "Championnat de Paris"]
[Site "Paris"]
[Date "????.??.??"]
[Round "7.21"]
[White "Morelle, Ludovic"]
[Black "Manouck, Thierry"]
[Result "1/2-1/2"]
[WhiteElo "2283"]
[BlackElo "2337"]
[PlyCount "88"]

1. e4 d6 2. d4 Nf6 3. Nc3 Nbd7 4. Nf3 e5 5. Be2 c6 6. a4 a5 7. O-O Be7 8. h3
O-O 9. Re1 Re8 10. Bf1 Qc7 11. Be3 Bf8 12. Qd2 Nb6 13. Rad1 h6 14. Qc1 Bd7 15.
Nd2 Rad8 16. f4 exf4 17. Bxf4 Be6 18. Nf3 Qc8 19. Kh1 d5 20. e5 Nh7 21. Re3 Bb4
22. b3 Nd7 23. Ne2 f6 24. c3 Be7 25. exf6 Bxf6 26. Ng3 Ndf8 27. Nh5 Bf5 28. Be5
Bxe5 29. Nxe5 Nd7 30. Rg3 g5 31. h4 Nxe5 32. dxe5 Kh8 33. Nf6 Rxe5 34. hxg5
hxg5 35. Nxh7 Bxh7 36. Rxg5 Qe6 37. Rxe5 Qxe5 38. Re1 Qf6 39. Re3 Rf8 40. Rf3
Qg7 41. Rh3 Kg8 42. Qe1 Be4 43. Kg1 Rf4 44. Rg3 Rg4 1/2-1/2

[Event "Championnat de Paris"]
[Site "Paris"]
[Date "????.??.??"]
[Round "7.22"]
[White "Rrhioua, Tarik"]
[Black "Spielmann, Alain"]
[Result "1-0"]
[WhiteElo "2329"]
[BlackElo "2231"]
[PlyCount "174"]

1. Nf3 d5 2. b3 f5 3. Bb2 e6 4. e3 Nf6 5. d4 Bd6 6. Bd3 O-O 7. O-O Bd7 8. c4 c6
9. Ba3 Bxa3 10. Nxa3 Ne4 11. Ne5 Be8 12. f3 Ng5 13. Nc2 Nd7 14. Nxd7 Qxd7 15.
f4 Ne4 16. Ne1 Qe7 17. c5 Kh8 18. Bc2 Rf6 19. Nd3 Rh6 20. Qe1 Bh5 21. Ne5 Rg8
22. Bxe4 dxe4 23. h4 Rf6 24. Kf2 Rff8 25. g3 Ra8 26. Qc3 Rgb8 27. b4 a6 28. a4
Be8 29. Rh1 h5 30. Nc4 Rd8 31. Ra2 Kh7 32. Rha1 Bd7 33. Nd6 Be8 34. Qc4 Kh6 35.
b5 axb5 36. axb5 Rxa2+ 37. Rxa2 cxb5 38. Nxb5 Bxb5 39. Qxb5 Rd7 40. Ra8 Qf7 41.
Rh8+ Kg6 42. Qe2 Kf6 43. Rxh5 b6 44. Rh8 bxc5 45. dxc5 Qe7 46. Rc8 Rc7 47. Rxc7
Qxc7 48. Qc2 Qc6 49. g4 fxg4 50. Kg3 Ke7 51. Qc3 Kf7 52. Kxg4 Qb5 53. Qc2 Qc6
54. h5 Kf6 55. Qc3+ Kf7 56. Qc4 Kf6 57. Qd4+ Kf7 58. Kg5 Qb7 59. Qc4 Qb1 60. f5
Qg1+ 61. Kf4 Qf2+ 62. Kxe4 Qxf5+ 63. Kd4 Ke7 64. c6 Qg4+ 65. e4 Qd1+ 66. Kc5
Qd6+ 67. Kb6 Qb8+ 68. Ka5 Kd6 69. Qd4+ Kxc6 70. Qc3+ Kd6 71. Qxg7 Qa8+ 72. Kb6
Qc6+ 73. Ka7 Qxe4 74. Qf8+ Kd7 75. h6 Qd4+ 76. Ka6 Qc4+ 77. Kb6 Qb3+ 78. Ka5
Qc3+ 79. Qb4 Qh8 80. h7 Qa8+ 81. Kb6 Qh1 82. Ka7 Qa1+ 83. Kb7 Qg7 84. Ka8 Qa1+
85. Kb8 Qh8+ 86. Ka7 Qa1+ 87. Kb6 Qh8 1-0

[Event "Championnat de Paris"]
[Site "Paris"]
[Date "????.??.??"]
[Round "7.23"]
[White "Leconte, Maria"]
[Black "Strugnell, Carl"]
[Result "1-0"]
[WhiteElo "2304"]
[BlackElo "2216"]
[PlyCount "79"]

1. e4 c5 2. Nf3 d6 3. d4 cxd4 4. Nxd4 Nf6 5. Nc3 Nc6 6. g3 g6 7. Nde2 Bg7 8.
Bg2 O-O 9. O-O Bd7 10. h3 a6 11. a4 Rb8 12. Nd5 Nxd5 13. exd5 Ne5 14. Ra2 Nc4
15. b3 Na5 16. Re1 b5 17. axb5 axb5 18. Nd4 Re8 19. Bb2 Nb7 20. Nc6 Bxc6 21.
dxc6 Bxb2 22. cxb7 Bc3 23. Re3 b4 24. Bc6 Rf8 25. Ra6 e6 26. h4 d5 27. Qg4 h5
28. Qd1 Kg7 29. Kg2 Qc7 30. Qd3 d4 31. Re4 Rfd8 32. Qb5 Rd6 33. Ra8 f6 34. Rxb8
Qxb8 35. Bd7 d3 36. cxd3 Rd5 37. Qc6 Be5 38. f4 Qd8 39. fxe5 Rxd7 40. b8=Q 1-0

[Event "Championnat de Paris"]
[Site "Paris"]
[Date "????.??.??"]
[Round "7.24"]
[White "Eche, Sylvain"]
[Black "Azadharf, Farrokh"]
[Result "0-1"]
[WhiteElo "2203"]
[BlackElo "2251"]
[PlyCount "133"]

1. e4 c5 2. Nc3 d6 3. g3 Nc6 4. Bg2 Bd7 5. d3 Rb8 6. Be3 b5 7. Qd2 Nf6 8. h3 g6
9. Nge2 Bg7 10. Bh6 O-O 11. Bxg7 Kxg7 12. O-O b4 13. Nd1 Nd4 14. Ne3 Bxh3 15.
Nxd4 cxd4 16. Bxh3 dxe3 17. Qxe3 Qb6 18. Qd2 Rb7 19. Kg2 Rfb8 20. f4 Qd4 21.
Qc1 Rc7 22. Rf2 Rb5 23. g4 Rbc5 24. g5 Qxf2+ 25. Kxf2 Rxc2+ 26. Qxc2 Rxc2+ 27.
Ke3 Nh5 28. b3 e5 29. f5 f6 30. a3 fxg5 31. axb4 Nf4 32. Rxa7+ Kf6 33. Bf1 g4
34. Rxh7 g3 35. fxg6 g2 36. Bxg2 Nxg2+ 37. Kf3 Ne1+ 38. Ke3 Kxg6 39. Rd7 Rc6
40. b5 Rb6 41. Rc7 Rxb5 42. Rc6 Rxb3 43. Rxd6+ Kf7 44. Rd5 Ke6 45. Kd2 Nf3+ 46.
Kc2 Ra3 47. Kb2 Ra6 48. Rd8 Rd6 49. Rf8 Rxd3 50. Kc2 Re3 51. Kd1 Nd4 52. Re8+
Kd6 53. Kd2 Rxe4 54. Kd3 Rh4 55. Rd8+ Ke7 56. Rd5 Ke6 57. Rd8 Nc6 58. Re8+ Kd5
59. Rg8 Rh3+ 60. Kd2 Kd4 61. Rc8 Rh2+ 62. Kc1 Nb4 63. Rd8+ Nd5 64. Kd1 e4 65.
Ke1 e3 66. Rd7 Ke5 67. Rf7 0-1

[Event "Championnat de Paris"]
[Site "Paris"]
[Date "????.??.??"]
[Round "7.25"]
[White "Boukobza, Adrien"]
[Black "Bergez, Luc"]
[Result "1-0"]
[WhiteElo "2192"]
[BlackElo "2398"]
[PlyCount "71"]

1. d4 c5 2. d5 e6 3. c4 exd5 4. cxd5 d6 5. Nc3 Ne7 6. Nf3 Ng6 7. e4 Be7 8. Be2
O-O 9. O-O Bf6 10. Be3 Re8 11. Nd2 a6 12. a4 Nd7 13. f3 Bd4 14. Nc4 Qf6 15. Qd2
Nde5 16. Kh1 Nxc4 17. Bxc4 Bxe3 18. Qxe3 Bd7 19. Qd2 Qd4 20. Qxd4 cxd4 21. Ne2
b5 22. axb5 Ne5 23. Bb3 Bxb5 24. Rfe1 Nd3 25. Reb1 Nf2+ 26. Kg1 Nxe4 27. Nxd4
Nd2 28. Rd1 Nxb3 29. Nxb3 Re5 30. Nd4 Bc4 31. Rdc1 Bxd5 32. Rxa6 Kf8 33. Rxd6
Rb8 34. Rc2 Rb4 35. Rd8+ Ke7 36. Rxd5 1-0

[Event "Championnat de Paris"]
[Site "Paris"]
[Date "????.??.??"]
[Round "7.26"]
[White "Touboulic, Julien"]
[Black "Toulzac, Pierre-Yves"]
[Result "1-0"]
[WhiteElo "2244"]
[BlackElo "2331"]
[PlyCount "59"]

1. e4 d6 2. d4 Nf6 3. Nc3 c6 4. f4 Qa5 5. Bd3 e5 6. Nf3 Bg4 7. Be3 Nbd7 8. O-O
Be7 9. Qe1 Bh5 10. Nh4 Ng4 11. Bd2 Qd8 12. Nf5 Rg8 13. h3 exd4 14. Nxd4 Bf6 15.
e5 Ngxe5 16. fxe5 Nxe5 17. Ne4 Qb6 18. Rxf6 gxf6 19. Nxf6+ Ke7 20. Nxg8+ Rxg8
21. Be3 Ke8 22. Kh1 Qxb2 23. Bf2 f6 24. Rb1 Qxa2 25. Rxb7 Bf7 26. Qb4 Qd5 27.
Rb8+ Ke7 28. Qb7+ Nd7 29. Rxg8 Bxg8 30. Nxc6+ 1-0

[Event "Championnat de Paris"]
[Site "Paris"]
[Date "????.??.??"]
[Round "7.28"]
[White "Karim, Ismael"]
[Black "Blazkova, Petra"]
[Result "0-1"]
[WhiteElo "2288"]
[BlackElo "2173"]
[PlyCount "102"]

1. e4 d5 2. exd5 Qxd5 3. Nc3 Qa5 4. d4 Nf6 5. Bc4 Bg4 6. f3 Bf5 7. Nge2 h5 8.
O-O e6 9. Ng3 c6 10. Bf4 Nbd7 11. a3 Bg6 12. b4 Qd8 13. Bb3 Be7 14. Nce2 O-O
15. c4 a5 16. Bd2 axb4 17. Nf4 Bh7 18. axb4 Rxa1 19. Qxa1 h4 20. Nh1 c5 21. Nf2
cxd4 22. c5 e5 23. Nd5 Nxd5 24. Bxd5 Nxc5 25. Qa2 Nd3 26. Nxd3 Bxd3 27. Re1 Qc7
28. Rc1 Qd7 29. Qa5 Rc8 30. Rxc8+ Qxc8 31. Bb3 Bf6 32. Qd5 Bg6 33. Bc4 Qa8 34.
Qa5 Qxa5 35. bxa5 e4 36. fxe4 Bxe4 37. Kf2 Be5 38. g3 g6 39. gxh4 Bxh2 40. Be2
Kg7 41. h5 gxh5 42. Bxh5 f5 43. Be2 d3 44. Bc3+ Kf7 45. Bd1 Ke6 46. Bb3+ Bd5
47. Bd1 Be5 48. Bb4 Bd4+ 49. Kg3 Be3 50. Bc3 f4+ 51. Kg4 d2 0-1

[Event "Championnat de Paris"]
[Site "Paris"]
[Date "????.??.??"]
[Round "7.29"]
[White "Do, Huu-Thi"]
[Black "Colson, Arnaud"]
[Result "0-1"]
[WhiteElo "2170"]
[BlackElo "2211"]
[PlyCount "98"]

1. d4 Nf6 2. c3 g6 3. Bg5 Bg7 4. Nd2 O-O 5. Ngf3 d6 6. e3 Nbd7 7. a4 Qe8 8. a5
e5 9. Bc4 e4 10. Ng1 d5 11. Bb5 c6 12. Ba4 Qe6 13. b4 h6 14. Bf4 Nh5 15. Bc7 f5
16. Nh3 Qe7 17. Bg3 Ndf6 18. O-O g5 19. Be5 Ng4 20. Bxg7 Kxg7 21. Re1 f4 22.
exf4 gxf4 23. c4 Qxb4 24. cxd5 cxd5 25. Rc1 Be6 26. Rc7+ Kh8 27. Nxe4 dxe4 28.
d5 Bf5 29. f3 exf3 30. Qa1+ Nhf6 31. gxf3 Ne3 32. Nf2 Qd6 33. Rec1 Qxd5 34. Bd1
Qg8+ 35. Ng4 h5 36. h3 Qg5 37. Qb2 hxg4 38. hxg4 Qh4 39. Qh2 Qxh2+ 40. Kxh2
Rac8 41. gxf5 Rxc7 42. Rxc7 Nxd1 43. Rxb7 Rd8 44. Kh3 Rd7 45. Rb4 Rh7+ 46. Kg2
Ne3+ 47. Kg1 Rg7+ 48. Kh2 Nfd5 49. Rd4 Rf7 0-1

[Event "Championnat de Paris"]
[Site "Paris"]
[Date "????.??.??"]
[Round "7.30"]
[White "Reinhart, Emmanuel"]
[Black "Lamorelle, Julien"]
[Result "1-0"]
[WhiteElo "2266"]
[BlackElo "2230"]
[PlyCount "53"]

1. e4 c5 2. Nf3 d6 3. d4 cxd4 4. Nxd4 Nf6 5. Nc3 a6 6. Be3 e5 7. Nb3 Be6 8. Qd2
b5 9. f3 Nbd7 10. O-O-O Rc8 11. Qf2 Rxc3 12. bxc3 Qc7 13. g4 d5 14. g5 Nh5 15.
exd5 Ba3+ 16. Kb1 Qxc3 17. Bc1 Bxc1 18. Kxc1 Bf5 19. Bd3 Bxd3 20. Rxd3 Qb4 21.
Qa7 Nf4 22. Qa8+ Ke7 23. d6+ Ke6 24. Qxh8 Nxd3+ 25. cxd3 Qc3+ 26. Kd1 Qxd3+ 27.
Nd2 1-0

[Event "Championnat de Paris"]
[Site "Paris"]
[Date "????.??.??"]
[Round "7.32"]
[White "Sochacki, Christophe"]
[Black "Morabbi, Armin"]
[Result "1-0"]
[WhiteElo "2030"]
[BlackElo "2137"]
[PlyCount "119"]

1. e4 e6 2. Nf3 d5 3. e5 c5 4. b4 cxb4 5. d4 Bd7 6. a3 Qb6 7. axb4 Bxb4+ 8. c3
Be7 9. Bd3 Na6 10. Qe2 Nc7 11. Na3 a6 12. O-O Nh6 13. Bg5 Nf5 14. g4 h6 15.
Bxe7 Nxe7 16. c4 Rc8 17. Rfb1 Qa7 18. c5 h5 19. h3 Bc6 20. Ng5 hxg4 21. hxg4
Rh6 22. Kg2 f6 23. exf6 Rxf6 24. Rh1 Kd7 25. Qe5 Ne8 26. Nh7 Qb8 27. Nxf6+ gxf6
28. Qxb8 Rxb8 29. Rh7 e5 30. Bf5+ Kd8 31. Bc2 e4 32. Kg3 f5 33. Rf7 fxg4 34.
Bd1 Rc8 35. Bxg4 Rc7 36. Rh1 Bd7 37. Rhh7 Bxg4 38. Kxg4 Nc6 39. Rxc7 Nxc7 40.
Nc2 Nb5 41. Kf5 Kc8 42. Ke6 Nc3 43. Rh3 Nd1 44. Kxd5 Nxf2 45. Rh2 Nd1 46. Kxe4
Nc3+ 47. Kd3 Nd5 48. Kc4 Nce7 49. Re2 b5+ 50. cxb6 Nxb6+ 51. Kc5 Na4+ 52. Kd6
Nf5+ 53. Ke6 Ng3 54. Re1 Nc3 55. d5 Nge4 56. Ne3 a5 57. Ke7 Kb7 58. d6 Nxd6 59.
Kxd6 Kb6 60. Nd5+ 1-0

[Event "Championnat de Paris"]
[Site "Paris"]
[Date "????.??.??"]
[Round "8.17"]
[White "Paredes Galan, Angel"]
[Black "Rrhioua, Tarik"]
[Result "1-0"]
[WhiteElo "2361"]
[BlackElo "2329"]
[PlyCount "119"]

1. e4 e6 2. d4 d5 3. Nc3 Bb4 4. e5 c5 5. Bd2 Nc6 6. Nb5 Bxd2+ 7. Qxd2 Nxd4 8.
Nxd4 cxd4 9. Nf3 Qb6 10. O-O-O f6 11. Nxd4 Bd7 12. f4 O-O-O 13. h4 Ne7 14. Rh3
Nc6 15. Nb5 fxe5 16. Nd6+ Kc7 17. Nf7 exf4 18. Nxh8 Rxh8 19. Qxf4+ Kc8 20. Qf7
g6 21. Qg7 Qd8 22. Rf3 Qg8 23. Qxg8+ Rxg8 24. Rf7 h5 25. Bb5 a6 26. Bxc6 Bxc6
27. g3 e5 28. Re1 e4 29. c3 Be8 30. Re7 Rf8 31. Re5 Bc6 32. Re6 Rf2 33. Rxg6
Bb5 34. Rg5 Bd3 35. Rxd5 Rc2+ 36. Kd1 Rxb2 37. a3 Ra2 38. Rxh5 Rxa3 39. Kd2 a5
40. g4 b5 41. g5 b4 42. cxb4 axb4 43. g6 e3+ 44. Rxe3 Bxg6 45. Rxa3 bxa3 46.
Ra5 Kd7 47. Rxa3 Ke7 48. Ke3 Kf8 49. Kf4 Kg7 50. Kg5 Bh7 51. Ra7+ Kh8 52. Kh6
Bg8 53. Rb7 Bc4 54. Rh7+ Kg8 55. Rc7 Be6 56. Kg6 Bg4 57. Rg7+ Kf8 58. Kf6 Bf3
59. Rg3 Be2 60. Rg5 1-0

[Event "Championnat de Paris"]
[Site "Paris"]
[Date "????.??.??"]
[Round "8.18"]
[White "Morelle, Ludovic"]
[Black "Onkoud, Abdelaziz"]
[Result "1-0"]
[WhiteElo "2283"]
[BlackElo "2427"]
[PlyCount "69"]

1. e4 g6 2. d4 Bg7 3. Nc3 d6 4. Be2 Nd7 5. Nf3 a6 6. a4 b6 7. O-O Bb7 8. Re1 c5
9. d5 Qc7 10. Ra3 h5 11. Ng5 Ngf6 12. h3 Nh7 13. Nf3 Bf6 14. Nh2 Bg7 15. Be3
Nhf6 16. Qd2 Nf8 17. Bc4 N6d7 18. Rb3 f6 19. Bf1 Ne5 20. f4 Nf7 21. Nf3 Bh6 22.
Bc4 Nd7 23. Nd1 Rg8 24. Qe2 Rg7 25. Nf2 g5 26. Bc1 gxf4 27. Nh4 Nde5 28. Nf5
Rg6 29. Nxh6 f3 30. Rxf3 Nxf3+ 31. Qxf3 Nxh6 32. Qxh5 Kf7 33. e5 Rag8 34. Bxh6
b5 35. e6+ 1-0

[Event "Championnat de Paris"]
[Site "Paris"]
[Date "????.??.??"]
[Round "8.19"]
[White "Forthofer, Robert"]
[Black "Calistri, Tristan"]
[Result "0-1"]
[WhiteElo "2255"]
[BlackElo "2370"]
[PlyCount "62"]

1. e4 c5 2. Nf3 Nc6 3. d4 cxd4 4. Nxd4 e5 5. Nb5 d6 6. N1c3 a6 7. Na3 b5 8. Nd5
Nf6 9. Bg5 Be7 10. Bxf6 Bxf6 11. c3 Bg5 12. Nc2 O-O 13. a4 bxa4 14. Rxa4 a5 15.
Bc4 Rb8 16. b3 Kh8 17. Nce3 g6 18. O-O Bh6 19. g3 f5 20. exf5 gxf5 21. f4 Ne7
22. Qh5 Bg7 23. Rfa1 exf4 24. gxf4 Bb7 25. Rxa5 Re8 26. Rb5 Rg8 27. Kf1 Bxd5
28. Nxd5 Rxb5 29. Nxe7 Qxe7 30. Bxb5 Bxc3 31. Rd1 Qe3 0-1

[Event "Championnat de Paris"]
[Site "Paris"]
[Date "????.??.??"]
[Round "8.20"]
[White "Azadharf, Farrokh"]
[Black "Picard, Romain"]
[Result "1/2-1/2"]
[WhiteElo "2251"]
[BlackElo "2357"]
[PlyCount "38"]

1. e4 e6 2. d4 d5 3. Nc3 Nf6 4. Bg5 Be7 5. e5 Nfd7 6. Bxe7 Qxe7 7. Qg4 O-O 8.
Nf3 c5 9. Bd3 f5 10. Qf4 Nc6 11. h4 cxd4 12. Nb5 Nc5 13. O-O Bd7 14. Nbxd4 Rac8
15. Rfd1 Be8 16. Be2 a6 17. c4 dxc4 18. Bxc4 b5 19. Be2 Na4 1/2-1/2